Utilization of In-store Shopper Marketing Tools with Direct Impact on Consumer Buying Behavior
Shopper marketing ako nová vedná disciplína, v ktorej značky uplatňujú sériu nástrojov marketingovej komunikácie v obchode s cieľom priamo ovplyvniť rozhodovací proces nákupu spotrebiteľa. Vnímanie a rozsah použitia marketingových nástrojov v obchode.
Salvato in:
| Autore principale: | |
|---|---|
| Natura: | Capitolo di libro |
| Lingua: | inglese |
| Soggetti: | |
| Tags: |
Nessun Tag, puoi essere il primo ad aggiungerne!!
|
MARC
| LEADER | 00000naa a2200000 4500 | ||
|---|---|---|---|
| 001 | 0271175 | ||
| 005 | 20240502074248.0 | ||
| 041 | 0 | |a eng | |
| 044 | |a SK | ||
| 245 | 1 | 0 | |a Utilization of In-store Shopper Marketing Tools with Direct Impact on Consumer Buying Behavior |c Monika Stanková |
| 520 | |a Shopper marketing ako nová vedná disciplína, v ktorej značky uplatňujú sériu nástrojov marketingovej komunikácie v obchode s cieľom priamo ovplyvniť rozhodovací proces nákupu spotrebiteľa. Vnímanie a rozsah použitia marketingových nástrojov v obchode. | ||
| 610 | 2 | 0 | |a komunikácia marketingová |
| 610 | 2 | 0 | |a obchod |
| 610 | 2 | 0 | |a nákup |
| 610 | 2 | 0 | |a spotrebitelia |
| 610 | 2 | 0 | |a rozhodovanie nákupné |
| 100 | 1 | |a Stanková, Monika, 1993- | |